Holder of the GRAIL Lyrics Quiz Stats

 Plays Quiz not verified by Sporcle

Support Sporcle.
Go Orange.
Score 0/294 Timer 20:00
0 Plays Today
% Correct
the
96.4%
the
96.4%
the
96.4%
the
96.4%
the
96.4%
the
96.4%
the
96.4%
the
96.4%
the
96.4%
the
96.4%
the
96.4%
the
96.4%
the
96.4%
the
96.4%
the
96.4%
the
96.4%
the
96.4%
the
96.4%
the
96.4%
the
96.4%
the
96.4%
the
96.4%
the
96.4%
the
96.4%
the
96.4%
the
96.4%
the
96.4%
the
96.4%
I
94.5%
and
94.5%
a
94.5%
a
94.5%
and
94.5%
a
94.5%
I
94.5%
I
94.5%
I
94.5%
I
94.5%
a
94.5%
And
94.5%
a
94.5%
I
94.5%
and
94.5%
and
94.5%
I
94.5%
and
94.5%
I
94.5%
a
94.5%
I
94.5%
And
94.5%
I
94.5%
of
90.9%
holder
90.9%
of
90.9%
G.R.A.I.L.
90.9%
holder
90.9%
of
90.9%
G.R.A.I.L.”
90.9%
holder
90.9%
of
90.9%
G.R.A.I.L.
90.9%
holder
90.9%
of
90.9%
G.R.A.I.L.
90.9%
hold
90.9%
G.R.A.I.L.
90.9%
holder
90.9%
of
90.9%
G.R.A.I.L.
90.9%
of
90.9%
holder
90.9%
of
90.9%
G.R.A.I.L.
90.9%
holder
90.9%
of
90.9%
G.R.A.I.L.
90.9%
you
89.1%
that
89.1%
It
89.1%
you
89.1%
you
89.1%
it
89.1%
General
87.3%
came
87.3%
must
87.3%
We
87.3%
From
87.3%
air
87.3%
we
87.3%
been
87.3%
now
87.3%
since
87.3%
came
87.3%
we
87.3%
must
87.3%
up
87.3%
We
87.3%
we
87.3%
% Correct
must
87.3%
now
87.3%
been
87.3%
since
87.3%
up
87.3%
so
87.3%
in
87.3%
air
87.3%
So
87.3%
from
87.3%
now
87.3%
General
87.3%
breath
87.3%
now
87.3%
we
87.3%
must
87.3%
upon
85.5%
my
85.5%
station
85.5%
my
85.5%
Upon
85.5%
my
85.5%
“My
85.5%
to
85.5%
are
85.5%
breathing
85.5%
to
85.5%
All
85.5%
has
85.5%
month
85.5%
to
85.5%
for
85.5%
For
85.5%
their
85.5%
spirits
85.5%
as
85.5%
still
85.5%
has
85.5%
my
85.5%
to
85.5%
them
85.5%
as
85.5%
all
85.5%
has
85.5%
still
85.5%
is
85.5%
stale.
85.5%
order
85.5%
to
85.5%
take
85.5%
them,
85.5%
my
85.5%
still
85.5%
station
85.5%
to
85.5%
are
85.5%
is
85.5%
my
85.5%
are
85.5%
still
85.5%
for
85.5%
sleep
85.5%
forever
85.5%
as
85.5%
foot
83.6%
there
83.6%
Captain’s
83.6%
with
83.6%
On
83.6%
have
83.6%
on
83.6%
keep
83.6%
don’t
83.6%
but
83.6%
will
83.6%
do
83.6%
It’s
83.6%
decade
83.6%
on
83.6%
us
83.6%
don’t
83.6%
But
83.6%
have
83.6%
Even
83.6%
here
83.6%
hear
83.6%
with
83.6%
her
83.6%
it’s
83.6%
with
83.6%
hear
83.6%
chest
81.8%
newly
81.8%
crest
81.8%
me
81.8%
says
81.8%
power
81.8%
General’s
81.8%
% Correct
shuttle
81.8%
never
81.8%
just
81.8%
get
81.8%
ship
81.8%
mail,
81.8%
know
81.8%
what
81.8%
happened,
81.8%
know
81.8%
prevail,
81.8%
best
81.8%
almost
81.8%
contact
81.8%
was
81.8%
lost
81.8%
General’s
81.8%
says
81.8%
me
81.8%
final
81.8%
just
81.8%
this
81.8%
power
81.8%
pride
80%
inside
80%
minted
80%
Then
80%
entrust
80%
lot
80%
theres
80%
static,
80%
sent
80%
help
80%
am
80%
look
80%
hydroponics,
80%
inside
80%
Cabin,
80%
there’s
80%
which
80%
Then
80%
wail
80%
swells
78.2%
who
78.2%
not
78.2%
fail,
78.2%
same.
78.2%
first
78.2%
pale.
78.2%
engineers
78.2%
outside
78.2%
only
78.2%
death
78.2%
god
78.2%
every
76.4%
some
76.4%
heavy
76.4%
cost.
76.4%
fishing,
76.4%
mutinied,
76.4%
I’m
76.4%
locked
76.4%
curse
76.4%
choking
76.4%
If
76.4%
stand
74.5%
at
74.5%
your
74.5%
command:
74.5%
iron
74.5%
brought
74.5%
She
74.5%
comes
74.5%
“Son,
74.5%
well,
74.5%
hangs
72.7%
lad
72.7%
rule
72.7%
while
72.7%
smelling
72.7%
they
72.7%
coming,
72.7%
set
70.9%
systems
70.9%
colony
69.1%
use
69.1%
lead
69.1%
truly
69.1%
door
69.1%
turrets’
69.1%
coat
67.3%
lights
65.5%
solar
65.5%
crew
65.5%
sail
63.6%
commlink
61.8%
curtailed
61.8%
Behind
27.3%

You're not logged in!

Compare scores with friends on all Sporcle quizzes.
OR
Log In

From the Vault

Remove Ads.
Support Sporcle.
Get the best of Sporcle when you Go Orange. This ad-free experience offers more features, more stats, and more fun while also helping to support Sporcle. Thank you for becoming a member.

Show Comments

Extras

Top Quizzes Today


Score Distribution

Your Account Isn't Verified!

In order to create a playlist on Sporcle, you need to verify the email address you used during registration. Go to your Sporcle Settings to finish the process.

Report this User

Report this user for behavior that violates our Community Guidelines.

Details: